000 00481nam a2200181Ia 4500
008 230711s9999||||xx |||||||||||||| ||und||
020 _a978-0-07-014590-0
041 _aENG
082 _a005.133C
_bGO-P
100 _aGottfried,S.Byron
245 0 _aProgramming with C
250 _a3rd Ed.
260 _c2016
_aNew Delhi
_bMcGraw Hill Education(India) Private Limited
300 _a15.31p.
650 _aComputer Engineering
700 _aChhabra,Jitender Kumar
942 _cBK
999 _c6345
_d6345